Guia Prt̀ico do Advogado Trabalhista

Detalles Bibliográficos
Autor principal: De Castro, Denilton Odair
Formato: eBook
Lenguaje:portugués
Publicado: San Pablo: Editora Mundo Jurd̕ico, 2017
Edición:2da. edicin̤
Materias:
Acceso en línea:Acceso restringido

MARC

LEADER 00000nam a22000007a 4500
005 20190909234640.0
007 cr|||| ||||
008 190909s2017 br |||||s|||| 00||0 por d
020 |a 978-85-8085-087-1 
035 |a 30213 
040 |a vLex 
090 |c 9445  |d 9445 
100 1 |a De Castro, Denilton Odair 
245 1 0 |a Guia Prt̀ico do Advogado Trabalhista  |h [Recurso electrn̤ico] /  |c Denilton Odair De Castro 
250 |a 2da. edicin̤ 
256 |a Servicio en ln̕ea 
260 |a San Pablo:  |b Editora Mundo Jurd̕ico,  |c 2017 
300 |a 1 recurso electrn̤ico 
500 |a O direito do trabalho nô ̌mais o mesmo que sempre foi, a definiȯ̂ de competn̊cia das aė̳s para julgamento dos danos morais, o trabalho realizado a distńcia, a jornada de trabalho virtual. 
506 1 |a Disponible solo en los productos indicados  |d vLex Global  |d vLex Global (Academic Edition, excluding Law Schools)  |d vLex Global (U.S. Academic Edition, Law Schools)  |d vLex Global (U.S. Academic Edition, excluding Law Schools)  |d vLex Global (Academic Edition, Law Schools) 
650 0 4 |a Derecho Laboral y Seguridad Social  |z Brasil 
740 0 |a vLex Libros (Servicio en ln̕ea) 
856 4 0 |u http://vlex.com/source/guia-pratico-do-advogado-trabalhista-2-edi-o-30213  |z Acceso restringido 
942 |c BOOK 
999 0 |a Labor law and social security